[Event "2.BLN 1617 Rotation Pankow - Hamburger "]
[Site "?"]
[Date "2017.02.05"]
[Round "5.1"]
[White "Bracker, Frank"]
[Black "Rietze, Clemens"]
[Result "1-0"]
[WhiteElo "2435"]
[BlackElo "2323"]
[PlyCount "101"]
[EventDate "2017.??.??"]

1. Nf3 Nf6 2. c4 g6 3. Nc3 d5 4. cxd5 Nxd5 5. Qb3 Nb6 6. d4 Bg7 7. Bf4 O-O 8.
e4 Bg4 9. Ne5 Bxe5 10. dxe5 Nc6 11. f3 Be6 12. Qc2 Nb4 13. Qf2 Nd3+ 14. Bxd3
Qxd3 15. Rd1 Qc4 16. Rd4 Qa6 17. Bg5 f6 18. exf6 exf6 19. Bh6 Rf7 20. Qd2 Rd7
21. Rxd7 Nxd7 22. Kf2 Ne5 23. Rd1 Nf7 24. Bf4 Rd8 25. Qe2 Qxe2+ 26. Kxe2 Bc4+
27. Ke1 Rxd1+ 28. Kxd1 Ne5 29. b3 Bf1 30. Nd5 Kf7 31. Bxe5 fxe5 32. g3 c6 33.
Ne3 Ba6 34. Kd2 h5 35. f4 exf4 36. gxf4 b6 37. Kc3 Ke6 38. b4 c5 39. bxc5 bxc5
40. h4 Be2 41. a4 Ba6 42. a5 Be2 43. Nc4 Kf6 44. Ne5 Ke6 45. Nxg6 Bf3 46. Kd3
c4+ 47. Ke3 c3 48. Ne5 Bh1 49. Nc6 Kd6 50. Nd4 Kc5 51. f5 1-0

[Event "2.BLN 1617 Rotation Pankow - Hamburger "]
[Site "?"]
[Date "2017.02.05"]
[Round "5.2"]
[White "Dauth, Benjamin"]
[Black "Colpe, Malte"]
[Result "1/2-1/2"]
[WhiteElo "2318"]
[BlackElo "2413"]
[PlyCount "90"]
[EventDate "2017.??.??"]

1. e4 e6 2. d4 d5 3. exd5 exd5 4. Bd3 Nc6 5. c3 Bd6 6. Qf3 Nf6 7. h3 Ne4 8. Ne2
O-O 9. Bf4 f5 10. Bxd6 Qxd6 11. Qf4 Ne7 12. Qxd6 Nxd6 13. f4 b6 14. Nd2 a5 15.
Nf3 a4 16. Ne5 Ba6 17. Bxa6 Rxa6 18. O-O-O Ne4 19. Rhe1 Nc8 20. Kc2 Nf2 21. Rd2
Ne4 22. Rd3 Ncd6 23. Nc6 Kf7 24. Ng1 Ke6 25. Nf3 h6 26. Nd2 g5 27. fxg5 hxg5
28. Rf3 Raa8 29. Ne5 c5 30. dxc5 bxc5 31. Nd3 Rac8 32. g4 c4 33. Nf2 fxg4 34.
Rxf8 Rxf8 35. Nfxe4 dxe4 36. Nxe4 gxh3 37. Nxg5+ Kd5 38. Rd1+ Ke5 39. Re1+ Kd5
40. Rd1+ Ke5 41. Nxh3 Ne4 42. Re1 Kd5 43. Rd1+ Ke5 44. Re1 Kd5 45. Rd1+ Ke5
1/2-1/2

[Event "2.BLN 1617 Rotation Pankow - Hamburger "]
[Site "?"]
[Date "2017.02.05"]
[Round "5.3"]
[White "Souleidis, Georgios"]
[Black "Bruchmann, Stephan"]
[Result "1-0"]
[WhiteElo "2401"]
[BlackElo "2279"]
[PlyCount "60"]
[EventDate "2017.??.??"]

1. e4 c6 2. d4 d5 3. e5 c5 4. dxc5 Nc6 5. Nf3 Bg4 6. c3 e6 7. Be3 Bxf3 8. Qxf3
Nxe5 9. Bb5+ Nc6 10. O-O Nf6 11. c4 a6 12. Ba4 Be7 13. Nc3 O-O 14. cxd5 Nxd5
15. Rfd1 Qa5 16. Nxd5 exd5 17. Bb3 d4 18. Bxd4 Nxd4 19. Rxd4 Qxc5 20. Rd7 Bf6
21. Qxb7 Kh8 22. Rad1 Rab8 23. Qxa6 Bxb2 24. Qd3 Qh5 25. Qd5 f5 26. Re1 Rbe8
27. Rxe8 Qxe8 28. Qe6 Qb8 29. Rf7 Re8 30. Re7 Qc7 1-0

[Event "2.BLN 1617 Rotation Pankow - Hamburger "]
[Site "?"]
[Date "2017.02.05"]
[Round "5.4"]
[White "Neumeier, Lars"]
[Black "Balcerak, Philipp"]
[Result "0-1"]
[WhiteElo "2348"]
[BlackElo "2372"]
[PlyCount "76"]
[EventDate "2017.??.??"]

1. d4 d5 2. Nf3 Nf6 3. e3 c6 4. Bd3 Bg4 5. b3 Nbd7 6. Bb2 Ne4 7. O-O e6 8. Nbd2
Nxd2 9. Qxd2 Bxf3 10. gxf3 Qh4 11. Kh1 Qh3 12. Qe2 Bd6 13. f4 g5 14. f3 gxf4
15. e4 O-O-O 16. e5 Be7 17. Bc1 Bb4 18. Bb2 Rhg8 19. c3 Ba5 20. b4 Bc7 21. Rf2
f6 22. c4 fxe5 23. b5 c5 24. cxd5 exd5 25. dxe5 c4 26. e6 Nc5 27. e7 Rde8 28.
Bxc4 dxc4 29. Qxc4 b6 30. Bd4 Qe6 31. Qc3 Rxe7 32. Bxc5 bxc5 33. Qxc5 Kb8 34.
Qb4 Qe3 35. Raf1 Rg6 36. a4 Bd6 37. Qa5 Rc7 38. Rd2 Qb6 0-1

[Event "2.BLN 1617 Rotation Pankow - Hamburger "]
[Site "?"]
[Date "2017.02.05"]
[Round "5.5"]
[White "Fuchs, Judith"]
[Black "Seils, Joerg"]
[Result "1/2-1/2"]
[WhiteElo "2276"]
[BlackElo "2318"]
[PlyCount "176"]
[EventDate "2017.??.??"]

1. e4 Nf6 2. e5 Nd5 3. d4 d6 4. c4 Nb6 5. exd6 exd6 6. Nc3 Be7 7. Bd3 Nc6 8.
Nge2 O-O 9. b3 Bf6 10. Be3 Bg4 11. Qd2 d5 12. c5 Nc8 13. h3 Be6 14. g4 g6 15.
O-O-O b6 16. f4 bxc5 17. dxc5 N8e7 18. Bb1 Bg7 19. Rhg1 f5 20. g5 Qb8 21. Nd4
Nxd4 22. Bxd4 Bxd4 23. Qxd4 Nc6 24. Qa4 Qb7 25. Nxd5 Bxd5 26. Rxd5 Nb4 27. Rdd1
Rad8 28. a3 Nd5 29. Qc4 c6 30. Rge1 Rfe8 31. b4 Qg7 32. b5 Rxe1 33. Rxe1 cxb5
34. Qb3 Qd4 35. Ba2 Qxc5+ 36. Kb1 Kh8 37. Rc1 Qd4 38. Qb2 Qxb2+ 39. Kxb2 Nxf4
40. Rc3 a5 41. Kc2 b4 42. axb4 axb4 43. Re3 Nd5 44. Rd3 Rc8+ 45. Kb2 Nc3 46.
Be6 Rb8 47. h4 Ne4 48. Rd4 Nc5 49. Bc4 Kg7 50. Rd6 b3 51. Rc6 Na4+ 52. Ka3 b2
53. Bd3 b1=Q 54. Bxb1 Rxb1 55. Rc7+ Kg8 56. Kxa4 Re1 57. Kb3 Re4 58. Rc8+ Kf7
59. Rc7+ Re7 60. Rc6 Ke8 61. Ra6 Rc7 62. Rb6 Kf7 63. h5 gxh5 64. Rf6+ Kg7 65.
Rxf5 Kg6 66. Rd5 h4 67. Rd4 h3 68. Rh4 Kxg5 69. Rxh3 h5 70. Rd3 h4 71. Rd5+ Kg4
72. Rd4+ Kg3 73. Rd3+ Kg2 74. Rd2+ Kf3 75. Rd3+ Ke2 76. Rd8 Rh7 77. Re8+ Kf1
78. Rf8+ Kg2 79. Rg8+ Kh2 80. Kc2 Rd7 81. Rg6 h3 82. Rg8 Kh1 83. Rg6 Kh2 84.
Rg8 Rf7 85. Kd1 Rf2 86. Ke1 Rg2 87. Rf8 Ra2 88. Rf2+ Rxf2 1/2-1/2

[Event "2.BLN 1617 Rotation Pankow - Hamburger "]
[Site "?"]
[Date "2017.02.05"]
[Round "5.6"]
[White "Steinhagen, Bernd"]
[Black "Sehner, Norbert"]
[Result "0-1"]
[WhiteElo "2267"]
[BlackElo "2340"]
[PlyCount "172"]
[EventDate "2017.??.??"]

1. c4 e6 2. Nf3 d5 3. b3 Nf6 4. Bb2 Be7 5. g3 O-O 6. Bg2 b6 7. cxd5 Nxd5 8. O-O
c5 9. d4 Bb7 10. dxc5 Bxc5 11. a3 a5 12. Nc3 Nxc3 13. Bxc3 Qe7 14. Qc1 Nc6 15.
Qb2 f6 16. Nd2 Rfd8 17. e3 Ne5 18. Bxe5 Bxg2 19. Kxg2 fxe5 20. Ne4 Rd5 21. Rfc1
Rf8 22. Kg1 h6 23. a4 Rfd8 24. Qe2 Rd3 25. Rc3 Rxc3 26. Nxc3 Bb4 27. Ne4 Qc7
28. Rd1 Rd5 29. Qg4 Kf8 30. Qf3+ Ke8 31. Qh5+ Kf8 32. Rf1 Bc5 33. Rc1 Rd3 34.
Qg6 Rxb3 35. Rd1 Rb4 36. Qh7 Kf7 37. Nc3 Be7 38. Qd3 Rb3 39. Rc1 Bb4 40. Ne2
Qxc1+ 41. Nxc1 Rxd3 42. Nxd3 Bc3 43. e4 Ke7 44. Kf1 Kd6 45. Ke2 b5 46. axb5 a4
47. b6 a3 48. b7 Kc7 49. b8=B+ Kxb8 50. Nc1 Bd4 51. f3 Kc7 52. Kd3 Bg1 53. h3
Bh2 54. g4 Bf4 55. Na2 Kd6 56. Kc4 Ke7 57. Kb4 Kf6 58. Kxa3 Kg5 59. Nc3 Kh4 60.
Nb5 Kxh3 61. Nc7 Kg3 62. Nxe6 g6 63. Nf8 g5 64. Nd7 Kxf3 65. Nf6 Be3 66. Kb4
Bb6 67. Kc3 Bd8 68. Ng8 Kxe4 69. Nxh6 Kf4 70. Kd3 e4+ 71. Ke2 Bb6 72. Nf7 Kxg4
73. Ne5+ Kf4 74. Ng6+ Kg3 75. Ne7 g4 76. Nf5+ Kf4 77. Ne7 Bd4 78. Nc6 Bc5 79.
Nd8 Kf5 80. Nb7 Be7 81. Na5 g3 82. Nb3 Bf6 83. Nd2 Kf4 84. Nb3 Be5 85. Nc5 g2
86. Ne6+ Kg3 0-1

[Event "2.BLN 1617 Rotation Pankow - Hamburger "]
[Site "?"]
[Date "2017.02.05"]
[Round "5.7"]
[White "Baciu, Diana"]
[Black "Mueller, Michael"]
[Result "0-1"]
[WhiteElo "2289"]
[BlackElo "2246"]
[PlyCount "172"]
[EventDate "2017.??.??"]

1. e4 e6 2. d4 d5 3. Nd2 h6 4. Bd3 c5 5. dxc5 Bxc5 6. Ngf3 Nf6 7. Qe2 Nc6 8. c3
O-O 9. O-O a5 10. e5 Nd7 11. Nb3 Bb6 12. Nbd4 Qe7 13. Bf4 f5 14. exf6 Rxf6 15.
Bg3 Nf8 16. Rae1 Bd7 17. Kh1 Be8 18. Nxc6 bxc6 19. Ne5 Bc7 20. f4 Bxe5 21. Qxe5
Qb7 22. Bh4 Rf7 23. b3 c5 24. Rf2 a4 25. Bc2 axb3 26. axb3 Qc7 27. Qe3 Qd6 28.
Bg3 Qc6 29. c4 Rfa7 30. cxd5 exd5 31. f5 Nd7 32. h3 Nf6 33. Bh4 Bf7 34. Bxf6
Qxf6 35. Qxc5 Ra1 36. Rff1 Rxe1 37. Rxe1 Ra1 38. Qe3 d4 39. Qd2 Qg5 40. Qf2 Ra2
41. Re2 Bh5 42. g4 Bf7 43. Kh2 Qf6 44. Qf4 Qc6 45. Bd3 Rxe2+ 46. Bxe2 Qc2 47.
Qb8+ Kh7 48. Qb5 Bd5 49. Qd3 Qc7+ 50. Qg3 Qc1 51. Qf2 Qc2 52. f6 gxf6 53. Kg1
Qxb3 54. Qf5+ Kg7 55. Qd3 Qb2 56. Kf2 Qb6 57. Bf3 Bxf3 58. Kxf3 Qc6+ 59. Kf4
Qd6+ 60. Kf3 Qd5+ 61. Kf4 Qe5+ 62. Kf3 Qd5+ 63. Kf4 Qc5 64. Ke4 Qe5+ 65. Kf3
Kf8 66. Qa3+ Kf7 67. Qb3+ Kg7 68. Qd3 h5 69. Qd2 h4 70. Qf2 d3 71. Qa7+ Kg6 72.
Qd7 Qe2+ 73. Kf4 Qe5+ 74. Kf3 Qe2+ 75. Kf4 Qd2+ 76. Kf3 Qd1+ 77. Ke3 Qe1+ 78.
Kf4 d2 79. Qf5+ Kg7 80. Qd7+ Kh6 81. Qd8 Qf1+ 82. Ke4 Qg2+ 83. Kf5 Qf1+ 84. Ke6
d1=Q 85. Qh8+ Kg5 86. Qh5+ Kf4 0-1

[Event "2.BLN 1617 Rotation Pankow - Hamburger "]
[Site "?"]
[Date "2017.02.05"]
[Round "5.8"]
[White "Guth, Thomas"]
[Black "Doberitz, Paul"]
[Result "1-0"]
[WhiteElo "2318"]
[BlackElo "2193"]
[PlyCount "153"]
[EventDate "2017.??.??"]

1. e4 c5 2. Nf3 d6 3. d4 cxd4 4. Nxd4 Nf6 5. Nc3 g6 6. Be3 Bg7 7. Bc4 Nc6 8. f3
O-O 9. Qd2 Bd7 10. Nde2 Qa5 11. Bh6 Rfc8 12. Bxg7 Kxg7 13. Bb3 Ne5 14. h4 h5
15. O-O-O Qc5 16. Qd4 b5 17. a4 bxa4 18. Qxc5 Rxc5 19. Bxa4 Nc4 20. Rd3 Rac8
21. Bxd7 Nxd7 22. b3 Nce5 23. Re3 a5 24. Rd1 Nb6 25. Rd4 Kf8 26. Kd1 Ke8 27.
Ke1 Nc6 28. Rd2 Ne5 29. Rd4 Nc6 30. Rd2 Nb4 31. Kf2 Nd7 32. Kf1 Ne5 33. Kf2 Kd7
34. Kf1 Ke8 35. Kf2 Kd8 36. Kf1 R5c7 37. Kf2 Ke8 38. Kf1 a4 39. Nxa4 Nxc2 40.
Rc3 Rxc3 41. Naxc3 Nb4 42. Kf2 Nbd3+ 43. Kg3 Nb4 44. Nd5 Nxd5 45. Rxd5 Rb8 46.
Nc1 Nd7 47. Ra5 Nc5 48. Ra3 Kd7 49. Ra7+ Kd8 50. Ra3 Rb7 51. Kf4 f6 52. Ra8+
Kd7 53. Rg8 Ne6+ 54. Ke3 g5 55. Rh8 gxh4 56. Rxh5 Nc5 57. Rxh4 Nxb3 58. Nd3 Nc5
59. Nf4 Ne6 60. Nd5 Rb3+ 61. Kf2 Nc7 62. Ne3 Rb2+ 63. Kg3 Ke6 64. Rh7 Na6 65.
Nd5 Rb7 66. Nf4+ Kd7 67. Ng6 Ke8 68. Nh4 Rc7 69. Nf5 Kd8 70. Ne3 e6 71. Rh8+
Ke7 72. Ng4 e5 73. Nh6 Nc5 74. Rh7+ Kd8 75. Nf7+ Kc8 76. Nxd6+ Kd8 77. Rxc7 1-0

[Event "2.BLN 1617 SK Zehlendorf - Turm Kiel"]
[Site "?"]
[Date "2017.02.05"]
[Round "5.1"]
[White "Glud, Jakob Vang"]
[Black "Meister, Jakob"]
[Result "1-0"]
[WhiteElo "2514"]
[BlackElo "2426"]
[PlyCount "83"]
[EventDate "2017.??.??"]

1. c4 e6 2. g3 d5 3. Nf3 Nc6 4. Bg2 d4 5. O-O Nf6 6. d3 a5 7. Na3 Bc5 8. Nb5
O-O 9. Bg5 Na7 10. Bxf6 gxf6 11. Qd2 Nxb5 12. cxb5 Kg7 13. Qc2 Bb6 14. a4 Bd7
15. Nd2 c6 16. bxc6 bxc6 17. Rfc1 Rb8 18. Nb3 Ba7 19. Nc5 Be8 20. Qd2 Rb4 21.
Na6 Rb3 22. Bxc6 Qb6 23. Bxe8 Rxb2 24. Qf4 Qxa6 25. Qg4+ Kh8 26. Rc7 Rb7 27.
Bb5 Qb6 28. Rc6 Qd8 29. Rac1 f5 30. Qf3 Rb8 31. Qf4 Bb6 32. Rd6 Qf6 33. Rcc6
Ba7 34. Rd7 Ra8 35. Ra6 Bc5 36. Rxa8 Rxa8 37. Qc7 Bb4 38. Rxf7 Qh6 39. Qe5+ Kg8
40. Rf6 Qg7 41. Qxe6+ Kh8 42. Rf7 1-0

[Event "2.BLN 1617 SK Zehlendorf - Turm Kiel"]
[Site "?"]
[Date "2017.02.05"]
[Round "5.2"]
[White "Malek, Daniel"]
[Black "Pakleza, Zbigniew"]
[Result "1-0"]
[WhiteElo "2415"]
[BlackElo "2480"]
[PlyCount "45"]
[EventDate "2017.??.??"]

1. d4 e6 2. c4 b6 3. e4 Bb7 4. Bd3 f5 5. exf5 Bxg2 6. Qh5+ g6 7. fxg6 Bg7 8.
gxh7+ Kf8 9. Ne2 Nf6 10. Qh4 Bxh1 11. Bg5 Nc6 12. Nd2 e5 13. f3 Qe7 14. O-O-O
exd4 15. Rxh1 Ne5 16. Be4 d5 17. cxd5 Nf7 18. Nf4 Ke8 19. Bg6 Kd8 20. Ne6+ Kc8
21. Nxg7 Nxg5 22. Qxg5 Kb7 23. Ne6 1-0

[Event "2.BLN 1617 SK Zehlendorf - Turm Kiel"]
[Site "?"]
[Date "2017.02.05"]
[Round "5.3"]
[White "Stopa, Jacek"]
[Black "Lagunow, Raphael"]
[Result "1/2-1/2"]
[WhiteElo "2479"]
[BlackElo "2261"]
[PlyCount "83"]
[EventDate "2017.??.??"]

1. d4 d5 2. c4 c6 3. Nc3 Nf6 4. cxd5 cxd5 5. Bf4 Nc6 6. e3 a6 7. Be2 e6 8. Nf3
Bd6 9. Ne5 O-O 10. O-O Ne7 11. Rc1 b5 12. Qb3 Bb7 13. Rc2 Ng6 14. Nxg6 hxg6 15.
Bxd6 Qxd6 16. Rfc1 Rab8 17. a3 Rfc8 18. Na2 Rxc2 19. Rxc2 Nd7 20. Nb4 Nb6 21.
Nd3 Nc4 22. Nc5 Bc8 23. Qa2 e5 24. b3 exd4 25. exd4 Na5 26. Qb2 Bf5 27. Rc3 Nc6
28. Nxa6 Rb6 29. Nc5 Nxd4 30. Bd1 b4 31. axb4 Rxb4 32. Qd2 Nc6 33. Nd3 Rd4 34.
Qe3 Rxd3 35. Rxd3 Bxd3 36. Qxd3 d4 37. Qe4 Nb4 38. Qe8+ Qf8 39. Qd7 Qc5 40.
Qd8+ Kh7 41. Qh4+ Kg8 42. Qd8+ 1/2-1/2

[Event "2.BLN 1617 SK Zehlendorf - Turm Kiel"]
[Site "?"]
[Date "2017.02.05"]
[Round "5.4"]
[White "Lagunow, Alexander"]
[Black "Hoi, Carsten"]
[Result "1-0"]
[WhiteElo "2423"]
[BlackElo "2385"]
[PlyCount "91"]
[EventDate "2017.??.??"]

1. Nf3 Nf6 2. c4 g6 3. g3 Bg7 4. Bg2 O-O 5. O-O d6 6. d4 Bg4 7. Qb3 Qc8 8. Ne5
Nc6 9. Nxg4 Nxg4 10. d5 Na5 11. Qa4 b6 12. Na3 Qf5 13. h3 Nf6 14. Rb1 h5 15.
Bd2 Nb7 16. Nb5 Nc5 17. Qd1 Qd7 18. Qc2 a6 19. Nd4 h4 20. gxh4 a5 21. Nc6 Rae8
22. e4 e5 23. f4 exf4 24. Rxf4 Nh5 25. Rf2 Ng3 26. Re1 f5 27. exf5 Nxf5 28. h5
Rxe1+ 29. Bxe1 Re8 30. Bd2 Nh4 31. hxg6 Nxg2 32. Kxg2 Re4 33. b4 axb4 34. Bxb4
Qe8 35. Bxc5 bxc5 36. Kg3 Re3+ 37. Kg4 Re4+ 38. Kg5 Re3 39. Qf5 Kh8 40. Rf3 Re2
41. a4 Re4 42. Rf4 Re1 43. a5 Qg8 44. a6 Rh1 45. Qe6 Qa8 46. Re4 1-0

[Event "2.BLN 1617 SK Zehlendorf - Turm Kiel"]
[Site "?"]
[Date "2017.02.05"]
[Round "5.5"]
[White "Bromann, Thorbjorn"]
[Black "Brodowski, Piotr"]
[Result "1/2-1/2"]
[WhiteElo "2408"]
[BlackElo "2440"]
[PlyCount "86"]
[EventDate "2017.??.??"]

1. b3 e5 2. Bb2 Nc6 3. e3 Nf6 4. Bb5 Bd6 5. Na3 a6 6. Bxc6 dxc6 7. Nc4 Qe7 8.
a4 Bg4 9. Ne2 O-O-O 10. f3 Bh5 11. Nxd6+ Qxd6 12. e4 Rhe8 13. d3 Nd7 14. Qd2 f6
15. d4 exd4 16. Qxd4 Qxd4 17. Nxd4 c5 18. Nf5 Bg6 19. Ne3 f5 20. Bxg7 fxe4 21.
f4 Rg8 22. Bb2 Nb6 23. f5 Bf7 24. O-O Nd5 25. Nc4 Bh5 26. Rae1 Rdf8 27. Ne5 Bf3
28. Nxf3 exf3 29. g3 Rxf5 30. Kf2 Nb4 31. Re4 Nxc2 32. Rd1 Rd8 33. Rxd8+ Kxd8
34. g4 Rf7 35. g5 Nd4 36. Re3 Kd7 37. h4 Rf4 38. h5 Rh4 39. g6 hxg6 40. hxg6
Rh2+ 41. Kf1 Rh1+ 42. Kf2 Rh2+ 43. Kf1 Rh1+ 1/2-1/2

[Event "2.BLN 1617 SK Zehlendorf - Turm Kiel"]
[Site "?"]
[Date "2017.02.05"]
[Round "5.6"]
[White "Luch, Michal"]
[Black "Boe, Mads"]
[Result "1/2-1/2"]
[WhiteElo "2424"]
[BlackElo "2327"]
[PlyCount "22"]
[EventDate "2017.??.??"]

1. d4 f5 2. e4 fxe4 3. Nc3 Nf6 4. Bg5 e6 5. Nxe4 Be7 6. Bxf6 Bxf6 7. Qh5+ g6 8.
Nxf6+ Qxf6 9. Qg4 Nc6 10. Nf3 d6 11. Bb5 Bd7 1/2-1/2

[Event "2.BLN 1617 SK Zehlendorf - Turm Kiel"]
[Site "?"]
[Date "2017.02.05"]
[Round "5.7"]
[White "Junge, Ralph"]
[Black "Stachowiak, Kamil"]
[Result "0-1"]
[WhiteElo "2271"]
[BlackElo "2403"]
[PlyCount "91"]
[EventDate "2017.??.??"]

1. e4 c5 2. b4 d6 3. Nf3 Nf6 4. bxc5 dxc5 5. Bb5+ Bd7 6. Qe2 e6 7. Bxd7+ Qxd7
8. Bb2 Nc6 9. Ne5 Nxe5 10. Bxe5 Be7 11. a4 O-O 12. d3 Qc6 13. Nd2 Nd7 14. Bc3
Nb6 15. Qg4 f6 16. e5 f5 17. Qf3 Qd7 18. Rb1 Nd5 19. Ba1 Qxa4 20. O-O b6 21. c4
Nb4 22. Bc3 Rfd8 23. Bxb4 cxb4 24. Nb3 Qd7 25. d4 a5 26. d5 exd5 27. Rfd1 Qc7
28. cxd5 Qxe5 29. Re1 Qf6 30. Re6 Qf7 31. Nd4 Bc5 32. Nxf5 a4 33. Rbe1 Rf8 34.
g4 a3 35. Qb3 Kh8 36. R1e2 g6 37. Nd6 Qf4 38. Ne4 Qxg4+ 39. Ng3 Qf3 40. R6e3
Bxe3 41. fxe3 Qxe2 42. Nxe2 a2 43. Qb2+ Kg8 44. Qa1 b3 45. Nc3 b2 46. Nb1 0-1

[Event "2.BLN 1617 SK Zehlendorf - Turm Kiel"]
[Site "?"]
[Date "2017.02.05"]
[Round "5.8"]
[White "Murdzia, Piotr"]
[Black "Budzyn, Matthias"]
[Result "1-0"]
[WhiteElo "2428"]
[BlackElo "2171"]
[PlyCount "105"]
[EventDate "2017.??.??"]

1. e4 e5 2. Nf3 Nc6 3. Bc4 Nf6 4. d3 Be7 5. O-O O-O 6. Re1 d6 7. c3 Na5 8. Bb5
a6 9. Ba4 c5 10. Nbd2 b5 11. Bc2 Nc6 12. Nf1 Nd7 13. Ne3 Nb6 14. Nd5 Nxd5 15.
exd5 Nb8 16. d4 cxd4 17. cxd4 e4 18. Bxe4 f5 19. Bc2 Nd7 20. a4 b4 21. a5 Rf7
22. Bd2 Rb8 23. Ba4 Nf8 24. Bc6 Ng6 25. Ng5 Rf6 26. Qh5 h6 27. Ne6 Bxe6 28.
Rxe6 Nf8 29. Ree1 f4 30. Qe2 Ng6 31. Qxa6 f3 32. g3 Rf8 33. Qd3 Bg5 34. a6 Bxd2
35. Qxd2 Qc8 36. Re6 Ne7 37. a7 Nxc6 38. axb8=Q Nxb8 39. Rae1 Na6 40. Qd3 Nc7
41. Rxh6 Re8 42. Rxe8+ Nxe8 43. Re6 Qc1+ 44. Qf1 Qc8 45. Re3 Nf6 46. Rxf3 Qc2
47. b3 Ne4 48. Re3 Nc3 49. Qh3 Ne2+ 50. Rxe2 Qd1+ 51. Kg2 Qxe2 52. Qe6+ Qxe6
53. dxe6 1-0

[Event "2.BLN 1617 Glückauf Rüdersd - SK Nord"]
[Site "?"]
[Date "2017.02.05"]
[Round "5.1"]
[White "Olszewski, Michal"]
[Black "Moranda, Wojciech"]
[Result "1/2-1/2"]
[WhiteElo "2550"]
[BlackElo "2594"]
[PlyCount "24"]
[EventDate "2017.??.??"]

1. Nf3 Nf6 2. c4 g6 3. b3 Bg7 4. Bb2 O-O 5. g3 c6 6. Bg2 d5 7. O-O Bg4 8. d4
Ne4 9. Nbd2 Nxd2 10. Qxd2 Bxf3 11. Bxf3 e6 12. Rac1 Nd7 1/2-1/2

[Event "2.BLN 1617 Glückauf Rüdersd - SK Nord"]
[Site "?"]
[Date "2017.02.05"]
[Round "5.2"]
[White "Kanarek, Marcel"]
[Black "Bekker-Jensen, Simon"]
[Result "1-0"]
[WhiteElo "2522"]
[BlackElo "2467"]
[PlyCount "121"]
[EventDate "2017.??.??"]

1. e4 e5 2. Nf3 Nc6 3. Bb5 a6 4. Ba4 Nf6 5. O-O Be7 6. Re1 b5 7. Bb3 d6 8. c3
O-O 9. h3 Na5 10. Bc2 c5 11. d4 Qc7 12. Nbd2 Bd7 13. Nf1 Nc4 14. b3 Nb6 15. Ne3
c4 16. Ba3 Rfe8 17. bxc4 Nxc4 18. Nxc4 bxc4 19. Rb1 Bf8 20. Qc1 Rac8 21. dxe5
dxe5 22. Bxf8 Kxf8 23. Qa3+ Qc5 24. Qxc5+ Rxc5 25. Rb4 Rec8 26. Rd1 Ke7 27. Rb7
Ra5 28. a4 Ke8 29. Rdb1 h6 30. Ra7 Rc6 31. Nd2 Kd8 32. Rb8+ Ke7 33. Rb4 Rac5
34. a5 Rxa5 35. Ba4 Rc8 36. Nxc4 Rac5 37. Nb6 R8c7 38. Rxc7 Rxc7 39. Bxd7 Nxd7
40. Nd5+ Kd6 41. Nxc7 Kxc7 42. Kf1 Nc5 43. Ke2 Kc6 44. f3 Ne6 45. g3 a5 46. Rb8
h5 47. h4 a4 48. Kd3 Kc5 49. Rb7 f6 50. Re7 Kd6 51. Ra7 g5 52. Ra6+ Ke7 53. Kc4
gxh4 54. Rxe6+ Kxe6 55. gxh4 f5 56. Kb4 fxe4 57. fxe4 Kd6 58. Kxa4 Kc5 59. Kb3
Kb5 60. c4+ Ka5 61. Ka3 1-0

[Event "2.BLN 1617 Glückauf Rüdersd - SK Nord"]
[Site "?"]
[Date "2017.02.05"]
[Round "5.3"]
[White "Ostrovskiy, Andrey"]
[Black "Janaszak, Dawid"]
[Result "1-0"]
[WhiteElo "2444"]
[BlackElo "2389"]
[PlyCount "79"]
[EventDate "2017.??.??"]

1. e4 c6 2. d4 g6 3. Nc3 Bg7 4. h3 d6 5. g4 e5 6. d5 Ne7 7. Be3 O-O 8. Qd2 cxd5
9. exd5 Nd7 10. f3 Qa5 11. Nge2 Nb6 12. Nc1 Nd7 13. Nb3 Qd8 14. O-O-O a5 15. a4
f5 16. Bc4 Qc7 17. Qe2 b6 18. Nb5 Qb8 19. Bg5 Bf6 20. Bh6 Rf7 21. h4 Nc5 22.
Nxc5 bxc5 23. Bd2 Bd7 24. Bc3 f4 25. Bd3 Bg7 26. Qe4 Qb6 27. h5 Rc8 28. hxg6
hxg6 29. Bc4 Bf6 30. Rh6 Bxb5 31. Bxb5 Bg7 32. Rh2 Qa7 33. Bc4 Rb8 34. Rdh1 Kf8
35. Rh8+ Bxh8 36. Rxh8+ Ng8 37. Qxg6 Rg7 38. Qxd6+ Re7 39. Bxe5 Rb6 40. Qd8+
1-0

[Event "2.BLN 1617 Glückauf Rüdersd - SK Nord"]
[Site "?"]
[Date "2017.02.05"]
[Round "5.4"]
[White "Steczek, Marcin"]
[Black "Kopylov, Michael"]
[Result "1/2-1/2"]
[WhiteElo "2385"]
[BlackElo "2429"]
[PlyCount "317"]
[EventDate "2017.??.??"]

1. d4 Nf6 2. Nf3 g6 3. g3 c5 4. Bg2 Bg7 5. O-O O-O 6. c3 cxd4 7. cxd4 d6 8. Nc3
Nc6 9. h3 Bf5 10. d5 Na5 11. Nd4 Bd7 12. Qd3 Qc8 13. Kh2 Qc4 14. Be3 Rfc8 15.
Rfc1 Qxd3 16. exd3 b6 17. Rab1 Kf8 18. b4 Nb7 19. Ncb5 Nd8 20. Rxc8 Bxc8 21.
Nc6 Bf5 22. Rc1 Nxc6 23. dxc6 d5 24. g4 Be6 25. Nc7 Rc8 26. Bf4 h6 27. a4 g5
28. Bg3 h5 29. gxh5 Nxh5 30. Bxd5 Rxc7 31. Bxc7 Bxd5 32. Bxb6 Be5+ 33. Kg1 axb6
34. c7 Bxc7 35. Rxc7 Nf4 36. Rc8+ Kg7 37. Rb8 Bb3 38. a5 bxa5 39. bxa5 Bd5 40.
a6 Nxh3+ 41. Kf1 Nf4 42. a7 Bg2+ 43. Kg1 Kf6 44. Rd8 e5 45. d4 exd4 46. Rxd4
Bf3 47. Rd8 Kf5 48. Rf8 f6 49. Kh2 Bd5 50. Re8 Bc6 51. Rc8 Bb7 52. Rb8 Be4 53.
Rb4 Ba8 54. Rb8 Be4 55. a8=Q Bxa8 56. Rxa8 Ng6 57. Ra6 Ne5 58. Kg3 Kg6 59. Kg2
Kf5 60. Kf1 Ng4 61. Ke2 Ne5 62. Ra4 Ng4 63. f3 Ne5 64. Ke3 Ng6 65. Ra5+ Ne5 66.
Rb5 Kg6 67. Ke4 Nc4 68. Rd5 Ne5 69. Rd8 Nc4 70. Rg8+ Kf7 71. Ra8 Kg6 72. Ra4
Ne5 73. Ra3 Nc4 74. Rc3 Ne5 75. Rc7 Nf7 76. Ra7 Ne5 77. Ra8 Nc4 78. Ra2 Ne5 79.
Rf2 Nf7 80. Rg2 Nd6+ 81. Kd5 Nf5 82. Rg1 Nh4 83. Ke4 Nf5 84. Ra1 Ng3+ 85. Ke3
Nf5+ 86. Kd3 Nh4 87. Ke4 Nf5 88. Ra5 Ne7 89. Rc5 Kf7 90. Rc7 Ke6 91. Ra7 Kf7
92. Rb7 Ke6 93. Rb1 Kf7 94. Rh1 Kg6 95. Rg1 Nf5 96. Rd1 Ng3+ 97. Ke3 Nf5+ 98.
Kf2 Ne7 99. Rd7 Nc6 100. Ke3 Ne5 101. Rd5 Nf7 102. Ke4 Ne5 103. Rd1 Nc6 104.
Rd2 Ne5 105. Rg2 Nc4 106. f4 Nd6+ 107. Kd5 Nf5 108. Rg1 Ng7 109. Ke4 Nf5 110.
Rd1 Ng3+ 111. Kf3 gxf4 112. Kxf4 Nh5+ 113. Kg4 Ng7 114. Rh1 Ne6 115. Ra1 Ng5
116. Re1 Nf7 117. Kf4 Ng5 118. Rg1 Kf7 119. Kf5 Ne6 120. Ra1 Ng7+ 121. Ke4 Ne6
122. Kd5 Ng5 123. Ra5 Kg6 124. Kd6 Nf7+ 125. Ke7 Ne5 126. Ra6 Ng4 127. Ke6 Kg5
128. Ra5+ Kg6 129. Rf5 Kg7 130. Rf4 Ne5 131. Rxf6 Ng6 132. Rf7+ Kh6 133. Kf6
Nf4 134. Kf5 Nh5 135. Ra7 Ng7+ 136. Kf4 Nh5+ 137. Kg4 Kg6 138. Ra6+ Nf6+ 139.
Kf4 Kf7 140. Kf5 Nd5 141. Ke5 Ne7 142. Ra7 Ke8 143. Ke6 Nc8 144. Rb7 Kd8 145.
Rd7+ Ke8 146. Rd1 Nb6 147. Rd6 Nc8 148. Rd7 Nb6 149. Re7+ Kd8 150. Rh7 Nc8 151.
Rb7 Ke8 152. Rc7 Kd8 153. Rc6 Ne7 154. Rd6+ Ke8 155. Rd1 Nc8 156. Rc1 Kd8 157.
Rc2 Nb6 158. Kd6 Nc8+ 159. Rxc8+ 1/2-1/2

[Event "2.BLN 1617 Glückauf Rüdersd - SK Nord"]
[Site "?"]
[Date "2017.02.05"]
[Round "5.6"]
[White "Wlodarczyk, Oskar"]
[Black "Krause, Benedict"]
[Result "1/2-1/2"]
[WhiteElo "2285"]
[BlackElo "2408"]
[PlyCount "122"]
[EventDate "2017.??.??"]

1. e4 c6 2. c4 d5 3. exd5 cxd5 4. cxd5 Nf6 5. Nc3 Nxd5 6. Nf3 Nc6 7. d4 Bg4 8.
Be3 e6 9. Be2 Bb4 10. Rc1 O-O 11. O-O Rc8 12. Qa4 Be7 13. Rfd1 Qb6 14. Nxd5
exd5 15. h3 Bh5 16. g4 Bg6 17. Qb5 Qxb5 18. Bxb5 Nb4 19. a3 a6 20. Bd7 Rxc1 21.
Rxc1 Nd3 22. Rc7 Nxb2 23. Rxb7 Bxa3 24. Bc6 Rd8 25. Bc1 Nc4 26. Bxa3 Nxa3 27.
Bxd5 h6 28. Bb3 Nb5 29. Ne5 Nxd4 30. Nxf7 Rf8 31. Ne5+ Nxb3 32. Nxg6 Nc5 33.
Rc7 Ne6 34. Ra7 Rf6 35. Ne7+ Kf8 36. Nd5 Rf3 37. Rxa6 Ng5 38. h4 Ne4 39. Ra2
Nf6 40. Kg2 Rb3 41. Nxf6 gxf6 42. Ra5 Kg7 43. f3 Kg6 44. Kg3 Rb4 45. h5+ Kg7
46. Ra7+ Kg8 47. Rc7 Ra4 48. Kf2 f5 49. gxf5 Ra5 50. Rc1 Rxf5 51. Rh1 Kf7 52.
Kg3 Rg5+ 53. Kf4 Kf6 54. Rh4 Rf5+ 55. Kg3 Rg5+ 56. Kf2 Ra5 57. Rh1 Rb5 58. Kg3
Kg5 59. f4+ Kf5 60. Rf1 Rb3+ 61. Rf3 Rb1 1/2-1/2

[Event "2.BLN 1617 Glückauf Rüdersd - SK Nord"]
[Site "?"]
[Date "2017.02.05"]
[Round "5.7"]
[White "Powierski, Emil"]
[Black "Sroczynski, Maciej"]
[Result "1/2-1/2"]
[WhiteElo "2317"]
[BlackElo "2294"]
[PlyCount "66"]
[EventDate "2017.??.??"]

1. e4 c5 2. c3 d5 3. exd5 Qxd5 4. d4 Nf6 5. Nf3 Bg4 6. Be2 e6 7. O-O Nc6 8. h3
Bh5 9. Be3 cxd4 10. cxd4 Be7 11. Nc3 Qd6 12. Qb3 O-O 13. Rac1 Qb4 14. Rfd1 Qxb3
15. axb3 Nb4 16. Rd2 Rac8 17. g4 Bg6 18. Ne5 Nfd5 19. Bf3 Rfd8 20. Nxg6 hxg6
21. Rdd1 a6 22. Kf1 f6 23. h4 Kf7 24. h5 gxh5 25. gxh5 f5 26. Ke2 Bf6 27. Nxd5
Nxd5 28. Bxd5 exd5 29. Kd3 Rh8 30. Rxc8 Rxc8 31. Bf4 Rh8 32. Rh1 Ke6 33. Rh2
Rh7 1/2-1/2